| 000 | 00838nam a2200229Ia 4500 | ||
|---|---|---|---|
| 003 | GCL | ||
| 008 | 140319s9999 xx 000 0 ara d | ||
| 020 | _a0505020097 | ||
| 040 |
_aGCL / _cGCL |
||
| 082 | 0 | 4 |
_a371.33 _bح ت |
| 100 | 1 | _aحسام محمد مازن | |
| 245 | 1 | 0 |
_aتكنولوجيا المعلومات ووسائطها الالكترونية / _cحسام محمد مازن |
| 260 |
_aالقاهرة : _bمكتبة النهضة المصرية ، _c2006 |
||
| 300 |
_a445 ص ؛ _c24 سم |
||
| 650 | 0 | 4 | _aتعليم الكبار |
| 650 | 0 | 4 | _aالحاسبات الالكترونية |
| 650 | 0 | 4 | _aالوسائل التعليمية |
| 650 | 0 | 4 | _aالتعليم - وسائل سمعية و بصرية |
| 650 | 0 | 4 | _aالتكنولوجيا - خدمات المعلومات |
| 650 | 0 | 4 | _aالإنترنت |
| 942 |
_2ddc _cBK |
||
| 999 |
_c8586 _d8586 |
||